000
00226 a2200097 4500
001
42270
100
_a
Flexner S B
245
_a
How to increase your world power
260
_a
_b
Inc. Pli Asantville
_c
090
_c
26240
_d
26240
942
_a
NUST-CAE
_c
M
_c
18048
999
_c
277343
_d
277343